Prehľad materiálov a prísad používaných pri výrobe vysokofosforečnej liatiny : Bakalárska práca

Guardado en:
Detalles Bibliográficos
Autores principales: Chaus, Alexander 1954- (xxx), Porubský, Ján, 1985- (Autor)
Formato: Manuscrito Libro
Lenguaje:eslovaco
Publicado: Trnava : STU v Bratislave MtF KZl, 2007
Materias:
Etiquetas: Agregar Etiqueta
Sin Etiquetas, Sea el primero en etiquetar este registro!

MARC

LEADER 00000ntm a22000003a 4500
001 stu144703
005 20150617225949.6
008 070904s2007----xo------------------slo-d
040 |a STU  |b slo 
041 0 |a slo 
044 |a xo 
100 1 |a Chaus, Alexander  |d 1954-  |4 xxx  |u M3000  |U MTF Materiálovotechnologická fakulta  |T MTF Ústav výrobných technológií  |X 4162  |U M3000  |Y 83  |7 A000004162 
245 1 |a Prehľad materiálov a prísad používaných pri výrobe vysokofosforečnej liatiny :  |b Bakalárska práca 
260 |a Trnava :  |b STU v Bratislave MtF KZl,  |c 2007 
300 |a 50 s  |c 1 CD-ROM 
500 |a Odbor: Technológie strojárskej výroby 
650 7 |a vysokofosforečné liatiny  |2 stusub 
700 1 |a Porubský, Ján,  |d 1985-  |4 aut  |u M3000  |U MTF Materiálovotechnologická fakulta  |T MTF Ústav výrobných technológií  |X 32818  |U M3000  |Y 83  |7 A000032818 
996 |b 284M076964  |c M*BP-2381  |l MMSKP  |s P  |a 0  |w stu144703_0001